00403nam a2200157Ia 4500008004100000082001000041100001600051245002600067260002900093300000700122365000600129520002900135630002600164650002900190730002600219100917s9999 xx 000 0 und d b47395 aElinor Lyon aThe Day That Got Lost bBrockhampton Pressc1968 a88 b0 aबालविभाग aThe Day That Got Lost aबालविभाग aThe Day That Got Lost